LEADER 00966nam0 22002411i 450 001 UON00247490 005 20231205103617.609 100 $a20040108d1954 |0itac50 ba 101 $apol 102 $aPL 105 $a|||| ||||| 200 1 $aUtwory zebrane$fTadeusz Borowski$gZe wstepem Wiktoria Woroszylskiego 205 $aWarszawa : Panstwowy Instytut Wydawniczy$b1954 210 $a5 v.$a20 cm 215 $a1: Wiersze; 2: Proza 1945-1947; 3: Krityka literacka i artystyczna; 4: Publicystyka; 5: Proza 1948-1951. 676 $a891.85$cLetteratura polacca$v21 700 1$aBOROWSKI$bTadeusz$3UONV145542$0688539 801 $aIT$bSOL$c20240220$gRICA 899 $aSIBA - SISTEMA BIBLIOTECARIO DI ATENEO$2UONSI 912 $aUON00247490 950 $aSIBA - SISTEMA BIBLIOTECARIO DI ATENEO$dSI POLACCO A BORO 0002 $eSI MR 50406 5 0002 996 $aUtwory zebrane$91235699 997 $aUNIOR